All the Geography I know By Letter-Y - Statistics

General Stats
  • This quiz has been taken 45 times
  • The average score is 8 of 12
Answer Stats
Hint Answer % Correct
Country on the Arabian Peninsula Yemen
98%
Former Country that was in the Balkans Yugoslavia
91%
Famous Mexican Peninsula Yucatan
88%
Capital of Armenia Yerevan
79%
Capital of Cameroon Yaounde
77%
City on the Crimean Peninsula Yalta
72%
City in Burma/Myanmar Yangon
58%
City in Arizona Yuma
56%
City in New York Yonkers
53%
Capital of Ivory Coast Yamoussoukro
44%
City in Siberia Yekaterinburg
44%
City in Washington State Yakima
42%
No matching quizzes found
Score Distribution
Percent of People with Each Score
Percentile by Number Answered
Your Score History
You have not taken this quiz